000
00250nam a22001097a 4500
008
170112b xxu||||| |||| 00| 0 eng d
020
_a
9781405187183
041
_a
eng
080
_a
618.2
245
_a
NURSING DIAGNOSIS
_c
BLACKWELL, W
942
_2
udc
_c
BK
999
_c
2839
_d
2839